000 01143cab a22002415a 4500
001 L144180
008 080701e20080628xxka f v 000 0 eng d
035 _a(Sirsi) u144180
041 0 _aeng
100 1 _aJoyce, Jacqui
245 0 0 _aKeeping professional advisers out of mischief
260 _c2008
490 _aEstates Gazette
_v(825) 28 June 2008, 166-167(2)
520 _aExplains the changes to the latest changes to the Property Litigation Association Protocol for Terminal Dilapidations Claims for Damages (2002), third edition (E135069). Covers: the background to the introduction of the protocol; comments on the first edition; the main criticisms of the first edition; the revised, third edition; due regard. A flow chart shows the main stages in the protocol.
590 _aKA
650 2 4 _aPROPERTY LITIGATION ASSOCIATION PROTOCOL FOR TERMINAL DILAPIDATIONS CLAIMS FOR DAMAGES
650 2 4 _aLANDLORD AND TENANT ACT 1927
650 2 4 _aRICS DILAPIDATIONS GUIDANCE NOTE
651 4 _aUnited Kingdom
_y
690 _aPROPERTY-LEASEHOLD PROPERTY-LANDLORD AND TENANT-DILAPIDATIONS
700 1 _aConway, Keith
942 _n0
999 _c80372
_d80372